Normal view
MARC view
Entry Personal Name
001 - CONTROL NUMBER
- control field: 1241
003 - CONTROL NUMBER IDENTIFIER
- control field: OSt
005 - DATE AND TIME OF LATEST TRANSACTION
- control field: 20140918161145.0
008 - FIXED-LENGTH DATA ELEMENTS
- fixed length control field: 140918|| aca||aabn | a|a d
040 ## - CATALOGING SOURCE
- Original cataloging agency: OSt
- Transcribing agency: OSt
100 ## - HEADING--PERSONAL NAME
- Personal name: Fawcett, Don W.
- Fuller form of name: (Don Wayne),
- Dates associated with a name: 1917-2009.
670 ## - SOURCE DATA FOUND
- Source citation: Work cat.: (OSt)466: Fawcett, Don W. (Don Wayne), 1917-2009., Bloom & Fawcett :, c1997.
